| 000 | 00518nam a2200205Ia 4500 | ||
|---|---|---|---|
| 008 | 210210b2017 xxu||||| |||| 00| 0 eng d | ||
| 020 | _a9789385998294 | ||
| 041 | _aeng | ||
| 082 | _a547 KARA | ||
| 100 | _aKAR (Ashutosh) | ||
| 245 | _aAdvanced organic chemistry: structure and mechanisms | ||
| 260 |
_aNew Delhi _bMedtech _c2017 |
||
| 300 | _axvi,772 | ||
| 650 | _aorganic | ||
| 650 | _amechanisms | ||
| 650 | _achemistry:structure | ||
| 650 | _aAdvanced | ||
| 690 | _aOrganic Chemistry | ||
| 906 | _a071386 | ||
| 999 |
_c120695 _d120695 |
||